Leo pero no comprendo: estrategias de comprensión lectora

Gardado en:
Detalles Bibliográficos
Autor Principal: Cubo de Severino, Liliana (Author)
Formato: Libro
Idioma:Lingua castelá
Publicado: Córdoba Comunicarte 2005
Edición:2a. ed
Series:Lengua y Discurso
Subjects:
Tags: Engadir etiqueta
Sen Etiquetas, Sexa o primeiro en etiquetar este rexistro!

MARC

LEADER 00000cam a2200000 a 4500
001 UCF0061
003 CL-VaPUC
008 120427e20050000AG |||||||||||||||||spa|d
020 |a 9789871151646 
082 0 4 |a 372.47  |b CUB  |2 21 
100 0 |a Cubo de Severino, Liliana  |e author  |9 561887 
245 1 0 |a Leo pero no comprendo: estrategias de comprensión lectora 
250 |a 2a. ed 
300 |a 270 p 
942 |c BK 
945 |d 20120427 00:00:00  |a cmena 
260 |a Córdoba  |b Comunicarte  |c 2005 
650 0 |a Enseñanza de la lectura  |9 308364 
650 0 |a Métodos de enseñanza  |9 270413 
650 0 |a Comprensión de lectura  |9 307588 
650 0 |a Educación básica   |9 224933 
583 |a last modification  |c 20120904 05:12:41  |k Rodrigo Vera 
490 0 |a Lengua y Discurso 
999 |c 347566  |d 347564 
952 |0 0  |1 0  |4 0  |6 372_470000000000000_CUB_2005  |7 0  |8 A  |9 448988  |a FDOPOS  |b FDOPOS  |d 2019-11-22  |i 4858832  |o 372.47 CUB 2005  |p 4858832  |r 2025-01-22  |w 2019-11-22  |y BK  |k DLA 
952 |0 0  |1 0  |2 ddc  |3 erb  |4 0  |6 372_470000000000000_CUB_2005  |7 0  |8 A  |9 448989  |a BIBEDU  |b BIBEDU  |i 5362245  |l 2  |o 372.47 CUB 2005  |p 5362245  |r 2024-04-03  |s 2024-03-21  |w 2019-11-22  |y BK  |z Catalogado en:20170303  |k PAR